France ou Allemagne ? #2 - Statistiques

Statistiques générales
  • Ce quiz a été pris 34 fois
  • Le résultat moyen est 7 sur 10
Statistiques - réponses
Question Réponse % Correct
Photographie France
88%
Champagne France
84%
Airbag Allemagne
81%
Sèche-cheveux France
75%
Fanta Allemagne
72%
Impression Allemagne
69%
Douche France
56%
Colorant Allemagne
53%
Machine à laver Allemagne
53%
Polo France
53%
Aucun quiz correspondant
Distribution des résultats
% des personnes avec chaque résultat
Percentile par nombre de réponses
Votre historique - résultats
Vous n’avez pas pris ce quiz